Surface layer structure of AISI 1020 steel at different stages of dry sliding under electric current of high density; IOP Conference Series: Materials Science and Engineering; Vol. 116 : Advanced Materials and New Technologies in Modern Materials Science

Bibliografiske detaljer
Parent link:IOP Conference Series: Materials Science and Engineering
Vol. 116 : Advanced Materials and New Technologies in Modern Materials Science.— 2016.— [012022, 6 p.]
Institution som forfatter: Национальный исследовательский Томский политехнический университет (ТПУ) Институт физики высоких технологий (ИФВТ) Кафедра физики высоких технологий в машиностроении (ФВТМ)
Andre forfattere: Aleutdinov K. A., Rubtsov V. E. Valery Evgenjevich, Fadin V. V., Aleutdinova M. I.
Summary:Title screen
Wear intensity of the sliding electric contact steel 1020/steel 1045 depending on sliding time is presented at the contact current density higher than 100 A/cm{2} without lubricant. It is shown that wear intensity of 1020 steel decreases at increasing of sliding time. Wear intensity is stabilized after some sliding time. This time (burn-in time) decreases at reduction of current density. Structural changes are realized in surface layer. Signs of liquid phase are observed on sliding surface. This liquid isn't a result of melting. It is established using Auger spectrometry that the contact layer contains up to 50 at.% of oxygen.
Режим доступа: по договору с организацией-держателем ресурса
Sprog:engelsk
Udgivet: 2016
Fag:
Online adgang:http://dx.doi.org/10.1088/1757-899X/116/1/012022
http://earchive.tpu.ru/handle/11683/18941
Format: MixedMaterials Electronisk Book Chapter
KOHA link:https://koha.lib.tpu.ru/cgi-bin/koha/opac-detail.pl?biblionumber=647105

MARC

LEADER 00000nla2a2200000 4500
001 647105
005 20231101134441.0
035 |a (RuTPU)RU\TPU\network\12242 
035 |a RU\TPU\network\12236 
090 |a 647105 
100 |a 20160325a2016 k y0engy50 ba 
101 0 |a eng 
105 |a y z 100zy 
135 |a drgn ---uucaa 
181 0 |a i  
182 0 |a b 
200 1 |a Surface layer structure of AISI 1020 steel at different stages of dry sliding under electric current of high density  |f K. A. Aleutdinov [et al.] 
203 |a Text  |c electronic 
300 |a Title screen 
320 |a [References: 9 tit.] 
330 |a Wear intensity of the sliding electric contact steel 1020/steel 1045 depending on sliding time is presented at the contact current density higher than 100 A/cm{2} without lubricant. It is shown that wear intensity of 1020 steel decreases at increasing of sliding time. Wear intensity is stabilized after some sliding time. This time (burn-in time) decreases at reduction of current density. Structural changes are realized in surface layer. Signs of liquid phase are observed on sliding surface. This liquid isn't a result of melting. It is established using Auger spectrometry that the contact layer contains up to 50 at.% of oxygen. 
333 |a Режим доступа: по договору с организацией-держателем ресурса 
461 0 |0 (RuTPU)RU\TPU\network\2008  |t IOP Conference Series: Materials Science and Engineering 
463 0 |0 (RuTPU)RU\TPU\network\11962  |t Vol. 116 : Advanced Materials and New Technologies in Modern Materials Science  |o International Conference, 9–11 November 2015, Tomsk, Russia  |o [proceedings]  |v [012022, 6 p.]  |d 2016 
610 1 |a электронный ресурс 
610 1 |a труды учёных ТПУ 
610 1 |a структуры 
610 1 |a поверхностные слои 
610 1 |a нержавеющие стали 
610 1 |a скольжение 
610 1 |a электрические токи 
701 1 |a Aleutdinov  |b K. A. 
701 1 |a Rubtsov  |b V. E.  |c physicist  |c engineer of Tomsk Polytechnic University, candidate of physical and mathematical sciences  |f 1970-  |g Valery Evgenjevich  |2 stltpush  |3 (RuTPU)RU\TPU\pers\34118 
701 1 |a Fadin  |b V. V. 
701 1 |a Aleutdinova  |b M. I. 
712 0 2 |a Национальный исследовательский Томский политехнический университет (ТПУ)  |b Институт физики высоких технологий (ИФВТ)  |b Кафедра физики высоких технологий в машиностроении (ФВТМ)  |h 2087  |2 stltpush  |3 (RuTPU)RU\TPU\col\18687 
801 2 |a RU  |b 63413507  |c 20161122  |g RCR 
856 4 |u http://dx.doi.org/10.1088/1757-899X/116/1/012022 
856 4 |u http://earchive.tpu.ru/handle/11683/18941 
942 |c CF